[Event "IRI-chT 16th"]
[Site "Sari"]
[Date "2017.12.01"]
[Round "5.5"]
[White "Alinasab, Mobina"]
[Black "Lotfi, Aylar"]
[Result "1-0"]
[WhiteElo "2225"]
[BlackElo "1877"]
[PlyCount "131"]
[EventDate "2017.09.13"]
[EventType "team-swiss"]
[EventRounds "11"]
[EventCountry "IRI"]
[SourceTitle "EXT 2019"]
[Source "ChessBase"]
[SourceDate "2018.10.10"]
[SourceVersion "1"]
[SourceVersionDate "2018.10.10"]
[SourceQuality "1"]
[WhiteTeam "Bandarabbas Azad Univ"]
[BlackTeam "Ardabil"]
[WhiteTeamCountry "IRI"]
[BlackTeamCountry "IRI"]

1. e4 c5 2. Nf3 d6 3. d4 cxd4 4. Nxd4 Nf6 5. Nc3 g6 6. Be3 Bg7 7. f3 0-0 8. Qd2 Nc6 9. 0-0-0 d5 10. exd5 Nxd5 11. Nxc6 bxc6 12. Bd4 Bxd4 13. Qxd4 Qb6 14. Na4 Qa5 15. b3 Rb8 16. Qc5 Qb4 17. Qxb4 Rxb4 18. a3 Rf4 19. Nc5 Re8 20. Re1 h5 21. Ne4 Kf8 22. Be2 Rf5 23. g3 Nf6 24. Nc3 Ra5 25. f4 Be6 26. Kb2 c5 27. Nb5 Rc8 28. Nc3 Nd5 29. Ra1 Nxc3 30. Kxc3 c4 31. b4 Ra6 32. Rhd1 Rac6 33. Rd4 Kg7 34. Bf3 R6c7 35. b5 Kf6 36. a4 Rb8 37. Rb1 Bf5 38. Rb4 Be6 39. Bd5 Bxd5 40. Rxd5 e6 41. Rd4 Kf5 42. h3 g5 43. Rbxc4 Rbc8 44. fxg5 Kxg5 45. a5 e5 46. Re4 f5 47. h4+ Kf6 48. Rxc7 Rxc7+ 49. Rc4 Rd7 50. Rc6+ Ke7 51. Rh6 e4 52. Rh7+ Kd6 53. Rxh5 Ke6 54. Rh6+ Ke5 55. Rh8 Rg7 56. Re8+ Kd5 57. Kb4 Rxg3 58. Rd8+ Ke6 59. b6 axb6 60. axb6 Rg7 61. c4 e3 62. Re8+ Kd6 63. Rxe3 Kc6 64. Re6+ Kb7 65. Kb5 Rf7 66. c5 1-0

[Event "IRI-ch (Women)"]
[Site "Tehran"]
[Date "2016.01.16"]
[Round "1"]
[White "Azali, Tannaz"]
[Black "Lotfi, Aylar"]
[Result "0-1"]
[WhiteElo "1818"]
[BlackElo "1973"]
[PlyCount "90"]
[EventDate "2016.01.16"]
[EventType "swiss"]
[EventRounds "9"]
[EventCountry "IRI"]
[SourceTitle "CBM 170 Extra"]
[Source "ChessBase"]
[SourceDate "2016.02.25"]
[SourceVersion "1"]
[SourceVersionDate "2016.02.25"]
[SourceQuality "1"]

1. d4 Nf6 2. c4 c5 3. d5 b5 4. g3 d6 5. Bg2 g6 6. Nf3 Bg7 7. 0-0 0-0 8. Re1 Bb7 9. e4 Nbd7 10. e5 Ng4 11. exd6 exd6 12. Nc3 bxc4 13. Bg5 Qb6 14. Rb1 h6 15. Bf4 Nge5 16. Nd2 Ba6 17. Bxe5 Nxe5 18. Na4 Qb4 19. a3 Qa5 20. Re3 h5 21. Ne4 Qc7 22. Nexc5 dxc5 23. d6 Qd8 24. Nxc5 Bb5 25. Bxa8 Qxa8 26. a4 Bc6 27. Qe1 Nf3+ 28. Rxf3 Bxf3 29. d7 Bd4 30. Ne6 Bh1 31. Nf4 g5 32. Qe7 gxf4 33. Qg5+ Bg7 34. gxf4 Bf3 35. Re1 f6 36. Qg6 Qd8 37. Qe8 Kh7 38. Qe6 Bg4 39. f5 Rg8 40. Qxg8+ Qxg8 41. Re8 Qd5 42. d8Q Qxf5 43. Re1 Bf3 44. Qd6 h4 45. h3 Qg5+ 0-1

[Event "Qazvin op (Women) 18th"]
[Site "Qazvin"]
[Date "2015.08.17"]
[Round "6"]
[White "Lotfi, Aylar"]
[Black "Teymoori, Mandana"]
[Result "1-0"]
[WhiteElo "1938"]
[BlackElo "1810"]
[PlyCount "73"]
[EventDate "2015.08.14"]
[EventType "swiss"]
[EventRounds "11"]
[EventCountry "IRI"]
[SourceTitle "EXT 2016"]
[Source "ChessBase"]
[SourceDate "2015.10.08"]
[SourceVersion "1"]
[SourceVersionDate "2015.10.08"]
[SourceQuality "1"]

1. c4 e6 2. d4 d5 3. Nc3 Nf6 4. Bg5 c6 5. cxd5 exd5 6. e3 Be7 7. Bd3 h6 8. Bh4 Nbd7 9. Nge2 0-0 10. Qc2 Re8 11. f3 c5 12. Bf2 cxd4 13. Nxd4 Bc5 14. 0-0 Ne5 15. Rac1 Bxd4 16. exd4 Nxd3 17. Qxd3 a6 18. Bh4 Be6 19. f4 Qa5 20. Bxf6 gxf6 21. f5 Bd7 22. Qg3+ Kh7 23. Qd6 Bc6 24. Qxf6 Qc7 25. Nxd5 Qd8 26. Qxf7+ Kh8 27. Qf6+ Qxf6 28. Nxf6 Rf8 29. Nh5 Rad8 30. Rf4 Rd5 31. Rc5 Rd7 32. Re5 Kg8 33. g4 Rd6 34. Re6 Rxe6 35. fxe6 Re8 36. d5 Bxd5 37. Nf6+ 1-0

[Event "Qazvin op (Women) 18th"]
[Site "Qazvin"]
[Date "2015.08.16"]
[Round "4"]
[White "Lotfi, Aylar"]
[Black "Azali, Tannaz"]
[Result "1-0"]
[WhiteElo "1938"]
[BlackElo "1772"]
[PlyCount "79"]
[EventDate "2015.08.14"]
[EventType "swiss"]
[EventRounds "11"]
[EventCountry "IRI"]
[SourceTitle "EXT 2016"]
[Source "ChessBase"]
[SourceDate "2015.10.08"]
[SourceVersion "1"]
[SourceVersionDate "2015.10.08"]
[SourceQuality "1"]

1. c4 Nf6 2. Nc3 c5 3. g3 d5 4. cxd5 Nxd5 5. Bg2 Nxc3 6. bxc3 Nc6 7. Nf3 e5 8. d3 Be7 9. 0-0 0-0 10. Rb1 Qc7 11. Nd2 Be6 12. Nc4 Rad8 13. Qa4 Bd5 14. Be4 b6 15. Ne3 Bxe4 16. dxe4 Qb7 17. f3 Bd6 18. Nc4 Be7 19. Be3 Rd7 20. Qb5 Qc8 21. a4 Bd8 22. Rfd1 Rxd1+ 23. Rxd1 a6 24. Qb2 Qb8 25. Rb1 Bc7 26. Nxb6 Na5 27. Bxc5 Rd8 28. Nd5 Qxb2 29. Rxb2 Bb8 30. Rb4 Nc6 31. Rb6 Na5 32. Rxa6 Nb3 33. Bf2 Kf8 34. c4 Rc8 35. Nb6 Rd8 36. c5 Nc1 37. Nd5 Nxe2+ 38. Kf1 Nc1 39. c6 Rd6 40. Bc5 1-0

[Event "Qazvin op (Women) 18th"]
[Site "Qazvin"]
[Date "2015.08.15"]
[Round "2"]
[White "Lotfi, Aylar"]
[Black "Sebt Rasoul, Seyede Setare"]
[Result "1/2-1/2"]
[WhiteElo "1938"]
[BlackElo "1661"]
[PlyCount "152"]
[EventDate "2015.08.14"]
[EventType "swiss"]
[EventRounds "11"]
[EventCountry "IRI"]
[SourceTitle "EXT 2016"]
[Source "ChessBase"]
[SourceDate "2015.10.08"]
[SourceVersion "1"]
[SourceVersionDate "2015.10.08"]
[SourceQuality "1"]

1. c4 Nf6 2. Nc3 g6 3. g3 Bg7 4. Bg2 0-0 5. Nf3 d6 6. 0-0 Nc6 7. d3 e5 8. Rb1 a5 9. a3 Nd7 10. Nd2 f5 11. b4 Ne7 12. Nb3 axb4 13. axb4 e4 14. Qc2 Nc6 15. Nd5 exd3 16. exd3 Nf6 17. b5 Ne5 18. Bb2 Nxd5 19. Bxd5+ Kh8 20. d4 Ng4 21. h3 Nf6 22. Bg2 f4 23. Qc3 Nh5 24. Nd2 Rb8 25. Rbe1 c5 26. bxc6 bxc6 27. g4 Nf6 28. Qa3 h5 29. g5 Ne8 30. Nf3 Bf5 31. Ba1 Qd7 32. Kh2 Nc7 33. c5 d5 34. Ne5 Bxe5 35. Rxe5 Nb5 36. Qc1 f3 37. Bh1 Bxh3 38. Rg1 Rf5 39. Qe3 Rbf8 40. Rg3 Bg4 41. Bb2 Kg8 42. Re6 Rxg5 43. Re7 Qf5 44. Bc1 h4 45. Rh3 Bxh3 46. Qxg5 Qxg5 47. Bxg5 Bf5 48. Bxf3 Nxd4 49. Bg2 Ne6 50. Be3 d4 51. Bh6 Rf7 52. Re8+ Kh7 53. Bd2 Nxc5 54. Bxc6 Be4 55. Bxe4 Nxe4 56. Rxe4 Rxf2+ 57. Kh3 Rxd2 58. Rxh4+ Kg7 59. Kg3 g5 60. Re4 Kf6 61. Kg4 d3 62. Kf3 Kf5 63. Re8 Ra2 64. Rf8+ Ke5 65. Rg8 Kf5 66. Rf8+ Kg6 67. Rd8 d2 68. Rd7 Kf5 69. Rd5+ Ke6 70. Rd8 Ke5 71. Rd7 Kf5 72. Rd5+ Kf6 73. Rd7 Ra3+ 74. Ke2 g4 75. Rxd2 Rf3 76. Rd5 Kg6 1/2-1/2

[Event "Qazvin op (Women) 18th"]
[Site "Qazvin"]
[Date "2015.08.14"]
[Round "1"]
[White "Kalvandi, Nashmil"]
[Black "Lotfi, Aylar"]
[Result "0-1"]
[WhiteElo "1408"]
[BlackElo "1938"]
[PlyCount "32"]
[EventDate "2015.08.14"]
[EventType "swiss"]
[EventRounds "11"]
[EventCountry "IRI"]
[SourceTitle "EXT 2016"]
[Source "ChessBase"]
[SourceDate "2015.10.08"]
[SourceVersion "1"]
[SourceVersionDate "2015.10.08"]
[SourceQuality "1"]

1. c4 c5 2. Nc3 Nc6 3. g3 g6 4. Bg2 Bg7 5. e3 d6 6. d4 cxd4 7. exd4 Nxd4 8. Nge2 Nc6 9. a3 Nf6 10. b4 0-0 11. h4 Ne5 12. Qd4 Nfg4 13. Qd1 Bf5 14. Bf4 Nxc4 15. Qb3 Rc8 16. Bxb7 Qb6 0-1

[Event "Fajr op 23rd"]
[Site "Urmia"]
[Date "2015.02.18"]
[Round "1"]
[White "Starostits, Ilmars"]
[Black "Lotfi, Aylar"]
[Result "1-0"]
[WhiteElo "2454"]
[BlackElo "1933"]
[PlyCount "109"]
[EventDate "2015.02.18"]
[EventType "swiss"]
[EventRounds "9"]
[EventCountry "IRI"]
[SourceTitle "CBM 164 Extra"]
[Source "ChessBase"]
[SourceDate "2015.03.02"]
[SourceVersion "1"]
[SourceVersionDate "2015.03.02"]
[SourceQuality "1"]

1. d4 Nf6 2. c4 c5 3. Nf3 cxd4 4. Nxd4 e5 5. Nc2 d5 6. cxd5 Qxd5 7. Qxd5 Nxd5 8. e4 Nc7 9. Nc3 Nc6 10. Be3 Be6 11. 0-0-0 Be7 12. Nd5 Rc8 13. Kb1 0-0 14. Nxe7+ Nxe7 15. Nb4 f5 16. Bxa7 fxe4 17. Be2 Ncd5 18. Nxd5 Nxd5 19. Be3 Nb4 20. a3 Nd3 21. Rd2 Nf4 22. Bf1 Rfd8 23. g3 Rxd2 24. Bxd2 Nd3 25. Bg2 Bf5 26. Be3 b5 27. g4 Bg6 28. Rf1 b4 29. axb4 Rb8 30. b3 Rxb4 31. Kc2 Nf4 32. Bh1 Rb8 33. Ra1 Ne2 34. Ra4 Nd4+ 35. Bxd4 exd4 36. Rxd4 e3+ 37. Kc3 Rc8+ 38. Rc4 Rxc4+ 39. bxc4 exf2 40. Bg2 Kf7 41. Kd4 Ke6 42. c5 Bb1 43. Bf1 h6 44. Bc4+ Kd7 45. Bb5+ Ke6 46. Bf1 Bg6 47. Bh3 Kd7 48. Bf1 Ke6 49. Kc4 Be4 50. Kb5 Kd7 51. Kb6 Kc8 52. c6 Kd8 53. c7+ Kd7 54. Bb5+ Bc6 55. Bxc6+ 1-0

[Event "IRI-ch (Women)"]
[Site "Rasht"]
[Date "2013.12.01"]
[Round "3"]
[White "Kalantari, Sedigheh"]
[Black "Lotfi, Aylar"]
[Result "1-0"]
[WhiteElo "1772"]
[BlackElo "1883"]
[PlyCount "83"]
[EventDate "2013.11.30"]
[EventType "swiss"]
[EventRounds "11"]
[EventCountry "IRI"]
[SourceTitle "CBM 157 Extra"]
[Source "ChessBase"]
[SourceDate "2013.12.19"]
[SourceVersion "1"]
[SourceVersionDate "2013.12.19"]
[SourceQuality "1"]

1. e4 g6 2. d4 c5 3. Nc3 Bg7 4. dxc5 Qa5 5. Bd2 Qxc5 6. Nd5 Na6 7. Nf3 Nf6 8. b4 Qd6 9. Bf4 Qe6 10. Ng5 Qc6 11. b5 Qc5 12. Be3 Qd6 13. bxa6 Nxd5 14. exd5 Bc3+ 15. Bd2 Qe5+ 16. Be2 Bxd2+ 17. Kxd2 Qxd5+ 18. Ke1 Qxg5 19. Bf3 Qa5+ 20. Kf1 Qxa6+ 21. Kg1 0-0 22. g3 d6 23. Kg2 Bd7 24. h4 Bc6 25. Re1 Rfe8 26. Re3 Bxf3+ 27. Rxf3 Qc6 28. c3 h5 29. Rb1 b6 30. Qb3 e6 31. Rd1 a5 32. Rdd3 b5 33. Kh2 d5 34. Rf6 Qc4 35. Qc2 Ra7 36. Rd4 Qc6 37. Qd2 Rc7 38. Rd3 Kg7 39. Rdf3 Qc4 40. Qg5 Qg4 41. Qe5 Kg8 42. Qxc7 1-0

[Event "IRI-ch (Women)"]
[Site "Tehran"]
[Date "2011.12.17"]
[Round "9"]
[White "Lotfi, Aylar"]
[Black "Pourkashiyan, Atousa"]
[Result "0-1"]
[WhiteElo "1729"]
[BlackElo "2326"]
[PlyCount "66"]
[EventDate "2011.11.12"]
[EventType "tourn"]
[EventRounds "12"]
[EventCountry "IRI"]
[SourceTitle "EXT 2024"]
[Source "ChessBase"]
[SourceDate "2023.10.10"]
[SourceVersion "1"]
[SourceVersionDate "2023.10.10"]
[SourceQuality "1"]

1. d4 Nf6 2. c4 e6 3. Nc3 Bb4 4. a3 Bxc3+ 5. bxc3 c5 6. f3 d5 7. cxd5 Nxd5 8. Qd2 0-0 9. e4 Ne7 10. Bc4 Nbc6 11. Ne2 Qb6 12. Qb2 Qa5 13. 0-0 b6 14. Be3 cxd4 15. cxd4 Ba6 16. Rac1 Rac8 17. Bxa6 Qxa6 18. Nf4 Na5 19. d5 Nc4 20. Qe2 exd5 21. Bd4 dxe4 22. fxe4 b5 23. Nh5 f6 24. Qg4 Ng6 25. h4 Rcd8 26. Bc5 Nce5 27. Qh3 Rfe8 28. Rc3 Rc8 29. Rfc1 Qb7 30. Bd4 Rxc3 31. Rxc3 Qxe4 32. Bf2 Ng4 33. Rf3 Qb1+ 0-1

[Event "IRI-ch (Women)"]
[Site "Tehran"]
[Date "2011.12.15"]
[Round "7"]
[White "Hejazipour, Mitra"]
[Black "Lotfi, Aylar"]
[Result "1-0"]
[WhiteElo "2224"]
[BlackElo "1729"]
[PlyCount "57"]
[EventDate "2011.11.12"]
[EventType "tourn"]
[EventRounds "12"]
[EventCountry "IRI"]
[SourceTitle "EXT 2024"]
[Source "ChessBase"]
[SourceDate "2023.10.10"]
[SourceVersion "1"]
[SourceVersionDate "2023.10.10"]
[SourceQuality "1"]

1. d4 Nf6 2. c4 e6 3. Nf3 Bb4+ 4. Nbd2 b6 5. a3 Bxd2+ 6. Qxd2 Bb7 7. e3 0-0 8. b4 d6 9. Be2 Nbd7 10. 0-0 Ne4 11. Qc2 f5 12. Bb2 Qe8 13. d5 e5 14. Ne1 Nef6 15. Nf3 h6 16. Rad1 Nh7 17. e4 f4 18. c5 bxc5 19. bxc5 Nxc5 20. Nxe5 Na4 21. Nc4 Nxb2 22. Nxb2 Ng5 23. f3 Qe7 24. Rc1 Qe5 25. Qc3 Qxc3 26. Rxc3 Rab8 27. Nd3 Rf7 28. Rb1 Rff8 29. Rcb3 1-0

[Event "IRI-ch (Women)"]
[Site "Tehran"]
[Date "2011.12.10"]
[Round "2"]
[White "Lotfi, Aylar"]
[Black "Azadvari, Zahra"]
[Result "0-1"]
[WhiteElo "1729"]
[BlackElo "1860"]
[PlyCount "76"]
[EventDate "2011.11.12"]
[EventType "tourn"]
[EventRounds "12"]
[EventCountry "IRI"]
[SourceTitle "EXT 2024"]
[Source "ChessBase"]
[SourceDate "2023.10.10"]
[SourceVersion "1"]
[SourceVersionDate "2023.10.10"]
[SourceQuality "1"]

1. d4 Nf6 2. c4 e6 3. Nc3 Bb4 4. a3 Bxc3+ 5. bxc3 c5 6. f3 Nc6 7. e4 d6 8. Be3 b6 9. Bd3 0-0 10. Ne2 Na5 11. Ng3 Qc7 12. d5 Re8 13. Kf2 Ba6 14. Qe2 Bb7 15. Qa2 b5 16. dxe6 bxc4 17. Bxc4 Nxc4 18. Qxc4 fxe6 19. Rhd1 Kh8 20. Rab1 Nd7 21. Bf4 e5 22. Be3 Nb6 23. Qd3 Rad8 24. Qb5 Bc6 25. Qe2 Na4 26. Qc2 Qa5 27. c4 Qc7 28. Bg5 Rb8 29. Nf5 Rxb1 30. Rxb1 Rb8 31. Ne3 Rxb1 32. Qxb1 h6 33. Bh4 g5 34. Bg3 Qb6 35. Qd3 Qb2+ 36. Qe2 Qd4 37. Qd1 Nb2 38. Qc1 Nd3+ 0-1